Popularne gry na świecie - Statystyki

Ogólne statystyki
  • Ten quiz został rozwiązany 2 835 razy
  • Średni wynik to 5 z 13
Statystyki odpowiedzi
Hint Odpowiedź % Poprawnych
492.8mln Minecraft
89%
543.6mln Fortnite
82%
247.7mln CS:GO
64%
386.9mln Roblox
57%
430mln GTA5
47%
301mln League of legends
40%
152mln Valorant
33%
290mln Call of duty
30%
267.5mln Brawl Stars
23%
198mln Fifa 21
18%
175.4mln Fall Guys
17%
321.8mln ARK
3%
207.1mln Coin Master
3%
Nie znaleziono quizów pasujących do podanych kryteriów
Rozkład punktacji
Procent ludzi z każdym wynikiem
Percentyl według liczby udzielonych odpowiedzi
Twoja historia wyników
Nie rozwiązałeś tego quizu